000 01256cab a22002175a 4500
001 L156849
008 120719e2012 xxk 000 0 eng d
035 _a(Sirsi) u156849
041 0 _aeng
245 0 0 _aGreene King Plc v Quisine Restaurants Limited, Nazar Nafie Shasha, and Stephen Keith Dite
260 _c2012
520 _a[2012] EWCA Civ 698, 24 May 2012. Considers whether a guarantor of a lease can escape liability because the landlord failed to give him early notice of rent arrears. A sublease on premises operated by appellants Q, and S (who controlled and owned Q), was assigned to defendant D and guaranteed by S. Claimant landlord G agreed to notify S if D's rent fell two months into arrears. D fell behind but G did not notify S. "Held":appeal dismissed. S was still liable for the unpaid rent.
590 _aKA
650 2 4 _aGREENE KING PLC V QUISINE RESTAURANTS LTD AND ORS
650 2 4 _aMCGUINESS V NORWICH AND PETERBOROUGH BUILDING SOCIETY
650 2 4 _aINVESTORS COMPENSATION SCHEME LTD V WEST BROMWICH BUILDING SOCIETY
651 4 _aEngland and Wales
_y1543-
690 _aLandlord and tenant
_96252
856 4 0 _uhttps://www.bailii.org/ew/cases/EWCA/Civ/2012/698.html
_zView the law report at www.bailii.org
942 _n0
999 _c84177
_d84177